Normal view
MARC view
Entry Personal Name
001 - CONTROL NUMBER
- control field: 34858
003 - CONTROL NUMBER IDENTIFIER
- control field: dpl
005 - DATE AND TIME OF LATEST TRANSACTION
- control field: 20110926142248.0
008 - FIXED-LENGTH DATA ELEMENTS
- fixed length control field: 110926|||a|||||| | ||| d
040 ## - CATALOGING SOURCE
- Original cataloging agency: dpl
- Transcribing agency: dpl
100 ## - HEADING--PERSONAL NAME
- Personal name: Augenstein, Moshe J.
670 ## - SOURCE DATA FOUND
- Source citation: Work cat.: (dpl): Tenenbaum, Aaron M. 34857, Data structures using pascal /, 1995
670 ## - SOURCE DATA FOUND
- Source citation: Work cat.: (dpl): Tenenbaum, Aaron M. 34857, Data structures using pascal /, 1995
